000 00722nam a2200277Ia 4500
005 20260324120323.0
008 008 260324s9999 xx 000 0 eng d
020 _a9780429160356
037 _aEBOOK
040 _aCRL
040 _beng
040 _cCRL
041 _2eng
041 _aeng
084 _qCRL
100 _aSunil Kumar; Fei Hu; John D. Matyjas
_91158102
245 0 _aWireless Network Performance Enhancement via Directional Antennas: Models, Protocols, and Systems
260 _bTaylor and Francis
260 _c2015
365 _a
365 _b210
856 _uhttp://www.taylorfrancis.com/books/9780429160356
942 _cEBOOK
999 _c1749565
_d1749565